<?xml version="1.0" encoding="UTF-8"?>
<record
    xmlns:xsi="http://www.w3.org/2001/XMLSchema-instance"
    xsi:schemaLocation="http://www.loc.gov/MARC21/slim http://www.loc.gov/standards/marcxml/schema/MARC21slim.xsd"
    xmlns="http://www.loc.gov/MARC21/slim">

  <leader>00386nam a22001577a 4500</leader>
  <controlfield tag="008">241019b        |||||||| |||| 00| 0 eng d</controlfield>
  <datafield tag="020" ind1=" " ind2=" ">
    <subfield code="a">97881752466096</subfield>
  </datafield>
  <datafield tag="040" ind1=" " ind2=" ">
    <subfield code="a">17</subfield>
  </datafield>
  <datafield tag="100" ind1=" " ind2=" ">
    <subfield code="a">Kamlesh,M.L</subfield>
  </datafield>
  <datafield tag="245" ind1=" " ind2=" ">
    <subfield code="a">Psychology in Physical Edu.&amp; Sport</subfield>
  </datafield>
  <datafield tag="260" ind1=" " ind2=" ">
    <subfield code="a">New Delhi</subfield>
    <subfield code="b">KSK</subfield>
  </datafield>
  <datafield tag="300" ind1=" " ind2=" ">
    <subfield code="a">587</subfield>
  </datafield>
  <datafield tag="650" ind1=" " ind2=" ">
    <subfield code="a">Psychology in Physical Edu.&amp; Sport</subfield>
  </datafield>
  <datafield tag="700" ind1=" " ind2=" ">
    <subfield code="a">Kamlesh,M.L</subfield>
  </datafield>
  <datafield tag="942" ind1=" " ind2=" ">
    <subfield code="c">01</subfield>
  </datafield>
  <datafield tag="999" ind1=" " ind2=" ">
    <subfield code="c">64478</subfield>
    <subfield code="d">64478</subfield>
  </datafield>
  <datafield tag="952" ind1=" " ind2=" ">
    <subfield code="0">0</subfield>
    <subfield code="1">0</subfield>
    <subfield code="2">ddc</subfield>
    <subfield code="4">0</subfield>
    <subfield code="7">0</subfield>
    <subfield code="9">538558</subfield>
    <subfield code="a">17</subfield>
    <subfield code="b">17</subfield>
    <subfield code="d">2024-10-19</subfield>
    <subfield code="e">Arista Pub Delhi</subfield>
    <subfield code="g">1300.00</subfield>
    <subfield code="l">0</subfield>
    <subfield code="p">17-B-3831</subfield>
    <subfield code="r">2024-10-19</subfield>
    <subfield code="w">2024-10-19</subfield>
    <subfield code="y">01</subfield>
  </datafield>
  <datafield tag="952" ind1=" " ind2=" ">
    <subfield code="0">0</subfield>
    <subfield code="1">0</subfield>
    <subfield code="2">ddc</subfield>
    <subfield code="4">0</subfield>
    <subfield code="7">0</subfield>
    <subfield code="9">538559</subfield>
    <subfield code="a">17</subfield>
    <subfield code="b">17</subfield>
    <subfield code="d">2024-10-19</subfield>
    <subfield code="e">Arista Pub Delhi</subfield>
    <subfield code="g">1300.00</subfield>
    <subfield code="l">0</subfield>
    <subfield code="p">17-B-3832</subfield>
    <subfield code="r">2025-07-29</subfield>
    <subfield code="w">2024-10-19</subfield>
    <subfield code="y">01</subfield>
  </datafield>
  <datafield tag="952" ind1=" " ind2=" ">
    <subfield code="0">0</subfield>
    <subfield code="1">0</subfield>
    <subfield code="2">ddc</subfield>
    <subfield code="4">0</subfield>
    <subfield code="7">0</subfield>
    <subfield code="9">538560</subfield>
    <subfield code="a">17</subfield>
    <subfield code="b">17</subfield>
    <subfield code="d">2024-10-19</subfield>
    <subfield code="e">Arista Pub Delhi</subfield>
    <subfield code="g">1300.00</subfield>
    <subfield code="l">0</subfield>
    <subfield code="p">17-B-3833</subfield>
    <subfield code="r">2024-10-19</subfield>
    <subfield code="w">2024-10-19</subfield>
    <subfield code="y">01</subfield>
  </datafield>
  <datafield tag="952" ind1=" " ind2=" ">
    <subfield code="0">0</subfield>
    <subfield code="1">0</subfield>
    <subfield code="2">ddc</subfield>
    <subfield code="4">0</subfield>
    <subfield code="7">0</subfield>
    <subfield code="9">538561</subfield>
    <subfield code="a">17</subfield>
    <subfield code="b">17</subfield>
    <subfield code="d">2024-10-19</subfield>
    <subfield code="e">Arista Pub Delhi</subfield>
    <subfield code="g">1300.00</subfield>
    <subfield code="l">0</subfield>
    <subfield code="p">17-B-3834</subfield>
    <subfield code="r">2024-10-19</subfield>
    <subfield code="w">2024-10-19</subfield>
    <subfield code="y">01</subfield>
  </datafield>
</record>
